| 000 | 01798nam0a22003251 4500 | ||
|---|---|---|---|
| 001 | rc\2211936 | ||
| 005 | 20250623061323.0 | ||
| 035 | _a(NLR Aleph) 006620057 | ||
| 090 |
_a7439673 _c7439673 |
||
| 100 | _a20110829d1979 |||y0rusy50 ca | ||
| 101 | 1 |
_arus _crum _chun _cger |
|
| 102 | _aRU | ||
| 105 | _ay z ||||| | ||
| 200 | 1 |
_aПоэзия современной Румынии _e[Сборник] _eПер. с рум., венг., нем. _f[Сост. и ред. К. Ковальджи, Ю. Кожевникова _gВступ. статья, с. 5-20, и статьи об авт. Ю. Кожевникова] |
|
| 210 |
_aМосква _cХудож. лит. _d1979 |
||
| 215 |
_a335 с. _d20 |
||
| 225 | 1 | _aБиблиотека литературы СРР | |
| 300 | _aРедкол. сер.: К.И. Бонецкий и др. | ||
| 327 | 0 | _aАвт.: Т. Аргези, Д. Баковия, В. Войкулеску, Д. Ботез, Л. Блага, А. Маргул-Шпербер, А. Филиппиде, К. Балтазар, З. Станку, М. Бреслашу, и др. | |
| 464 | 0 |
_1701#1$aАргези$bТ. _1701#1$aБаковия$bД.$f1881-1957$gДжордже$3RU\NLR\AUTH\770267461 _1701#1$aВойкулеску$bВ. _1701#1$aБотез$bД. _1701#1$aБлага$bЛ. _1701#1$aМаргул-Шпербер$bА.$6z01790 _1701#1$aФилиппиде$bА. _1701#1$aБалтазар$bК. _1701#1$aСтанку$bЗ. _1701#1$aБреслашу$bМ. |
|
| 702 | 1 |
_aКожевникова _bЮ. _4220 _4080 |
|
| 702 | 1 |
_aКовальджи _bК.В. _gКирилл Владимирович _4220 _4340 |
|
| 801 | 0 |
_aRU _bNLR _gpsbo |
|
| 801 | 1 |
_aRU _bELAR _2rusmarc |
|
| 852 |
_aNLR _j80-3/2610 |
||
| 899 |
_aRuMoRGB _jB 80-18/118 |
||
| 899 |
_aRuMoRGB _jB 80-18/119 |
||
| 942 | _cBOOK | ||
| 980 | _aNB | ||